|
|
|
|
| LEADER |
01443nam a2200373 a 4500 |
| 001 |
EBC3420553 |
| 003 |
MiAaPQ |
| 005 |
20200520144314.0 |
| 006 |
m o d | |
| 007 |
cr cn||||||||| |
| 008 |
080603s2009 ctuaf sb 001 0 eng |
| 010 |
|
|
|z 2008022100
|
| 020 |
|
|
|z 9780300135589 (alk. paper)
|
| 035 |
|
|
|a (MiAaPQ)EBC3420553
|
| 035 |
|
|
|a (Au-PeEL)EBL3420553
|
| 035 |
|
|
|a (CaPaEBR)ebr10348448
|
| 035 |
|
|
|a (CaONFJC)MIL235228
|
| 035 |
|
|
|a (OCoLC)923594473
|
| 040 |
|
|
|a MiAaPQ
|c MiAaPQ
|d MiAaPQ
|
| 043 |
|
|
|a e-ur---
|
| 050 |
|
4 |
|a HJ1208
|b .M36 2009
|
| 082 |
0 |
4 |
|a 336.47/09041
|2 22
|
| 100 |
1 |
|
|a McMeekin, Sean,
|d 1974-
|
| 245 |
1 |
0 |
|a History's greatest heist
|h [electronic resource] :
|b the looting of Russia by the Bolsheviks /
|c Sean McMeekin.
|
| 260 |
|
|
|a New Haven :
|b Yale University Press,
|c c2009.
|
| 300 |
|
|
|a xxii, 302 p., [6] p. of plates :
|b ill.
|
| 504 |
|
|
|a Includes bibliographical references (p. 273-285) and index.
|
| 533 |
|
|
|a Electronic reproduction. Ann Arbor, MI : ProQuest, 2015. Available via World Wide Web. Access may be limited to ProQuest affiliated libraries.
|
| 650 |
|
0 |
|a Finance, Public
|z Soviet Union
|x History.
|
| 650 |
|
0 |
|a Pillage
|z Soviet Union
|x History.
|
| 651 |
|
0 |
|a Soviet Union
|x Politics and government
|y 1917-1936.
|
| 655 |
|
4 |
|a Electronic books.
|
| 710 |
2 |
|
|a ProQuest (Firm)
|
| 856 |
4 |
0 |
|u https://ebookcentral.proquest.com/lib/matrademy/detail.action?docID=3420553
|z Click to View
|